[Event "World Rapid 2017"]
[Site "Riyadh KSA"]
[Date "2017.12.28"]
[Round "12.38"]
[White "Jobava, Baadur"]
[Black "Mchedlishvili, Mikheil"]
[Result "1-0"]
[WhiteTitle "GM"]
[BlackTitle "GM"]
[WhiteElo "2690"]
[BlackElo "2603"]
[WhiteFideId "13601520"]
[BlackFideId "13600966"]
[EventDate "2017.12.26"]

1. c4 c6 2. d4 d5 3. cxd5 cxd5 4. Nc3 Nc6 5. e4 dxe4 6. d5 Ne5 7. Qd4 Nd3+ 8.
Bxd3 exd3 9. Nf3 Nf6 10. Bg5 Bf5 11. O-O h6 12. Bxf6 gxf6 13. Rfe1 Qb6 14. Qf4
Bd7 15. Ne4 Bg7 16. Nd6+ Kf8 17. Nxf7 Kxf7 18. Ne5+ Ke8 19. Nxd7 Kxd7 20. Qg4+
Kd8 21. Qxg7 Re8 22. Rad1 Qxb2 23. d6 Qd4 24. dxe7+ 1-0

[Event "World Rapid 2017"]
[Site "Riyadh KSA"]
[Date "2017.12.28"]
[Round "12.39"]
[White "Zhao, Jun"]
[Black "Volokitin, Andrei"]
[Result "1-0"]
[WhiteTitle "GM"]
[BlackTitle "GM"]
[WhiteElo "2604"]
[BlackElo "2628"]
[WhiteFideId "8602522"]
[BlackFideId "14107090"]
[EventDate "2017.12.26"]

1. Nf3 d5 2. d4 Nf6 3. c4 e6 4. Nc3 a6 5. cxd5 exd5 6. Bg5 Be6 7. e3 Nbd7 8. Bd3
h6 9. Bf4 g5 10. Bg3 Nh5 11. Be5 Ng7 12. O-O g4 13. Bxg7 Bxg7 14. Nd2 h5 15. Ne2
Qg5 16. Qc2 c6 17. Nf4 Bf8 18. Rae1 Bd6 19. Nxe6 fxe6 20. f4 Qf6 21. Nb3 Kd8 22.
a3 Kc7 23. Na5 Rhc8 24. Rc1 Nb8 25. b4 Kb6 26. Rb1 Nd7 27. Rfc1 Ka7 28. Nb3 h4
29. Qe2 g3 30. h3 Nb6 31. Nc5 Rc7 32. Bxa6 Kb8 33. Bd3 Rxa3 34. Ra1 Rxa1 35.
Rxa1 Bxf4 36. Rf1 e5 37. dxe5 Qxe5 38. exf4 Qd4+ 39. Kh1 Qxb4 40. Qe8+ Rc8 41.
Qe5+ Rc7 42. Ne6 Na8 43. Nxc7 Nxc7 44. Qh8+ Ka7 45. Ra1+ Na6 46. Bxa6 bxa6 47.
Qh7+ 1-0

[Event "World Rapid 2017"]
[Site "Riyadh KSA"]
[Date "2017.12.28"]
[Round "12.40"]
[White "Ni, Hua"]
[Black "Grigoriants, Sergey"]
[Result "0-1"]
[WhiteTitle "GM"]
[BlackTitle "GM"]
[WhiteElo "2671"]
[BlackElo "2561"]
[WhiteFideId "8601160"]
[BlackFideId "4130804"]
[EventDate "2017.12.26"]

1. d4 Nf6 2. c4 e6 3. g3 c5 4. d5 exd5 5. cxd5 d6 6. Nc3 g6 7. Nf3 Bg7 8. Bg2
O-O 9. O-O Re8 10. Re1 a6 11. a4 Ne4 12. Nxe4 Rxe4 13. Bg5 Qc7 14. Nd2 Rb4 15.
Ne4 Nd7 16. Be7 Rxe4 17. Bxe4 f6 18. b4 Kf7 19. Bxd6 Qxd6 20. bxc5 Nxc5 21. Bg2
f5 22. Rb1 Bd7 23. a5 Bb5 24. Qc2 Re8 25. Rbc1 Bf8 26. Bf1 Qxd5 27. Bg2 Qe5 28.
Bf3 Rd8 29. Red1 Rxd1+ 30. Rxd1 Be7 31. Kg2 Ne4 32. Qa2+ Qe6 33. Qb2 Bf6 34. Qc2
Bc6 35. h4 Kg7 36. Rc1 Qe5 37. Qa2 Qd4 38. e3 Qb2 39. Qxb2 Bxb2 40. Rc2 Bc3 41.
Ra2 Kf6 42. Kg1 Ke5 43. Be2 Bd5 44. Ra3 Be1 45. f3 Nxg3 46. Bd1 Nh5 47. f4+ Kd6
48. Rd3 Kc5 49. Bb3 Bxb3 50. Rxb3 Kc6 51. Rb6+ Kc7 52. Re6 Bxh4 53. Kf1 Bd8 54.
Re8 Kd7 55. Rh8 Nf6 0-1

[Event "World Rapid 2017"]
[Site "Riyadh KSA"]
[Date "2017.12.28"]
[Round "12.41"]
[White "Malakhov, Vladimir"]
[Black "Bosiocic, Marin"]
[Result "1/2-1/2"]
[WhiteTitle "GM"]
[BlackTitle "GM"]
[WhiteElo "2686"]
[BlackElo "2624"]
[WhiteFideId "4120787"]
[BlackFideId "14507927"]
[EventDate "2017.12.26"]

1. e4 e5 2. Nf3 Nc6 3. Bb5 Nf6 4. d3 Bc5 5. Bxc6 dxc6 6. Qe2 Nd7 7. Be3 Bd6 8.
d4 O-O 9. Nbd2 exd4 10. Nxd4 Re8 11. O-O-O Nc5 12. f3 Ne6 13. Nc4 Nxd4 14. Rxd4
Qe7 15. Nxd6 cxd6 16. Re1 Be6 17. Bf4 Qf6 18. Qe3 d5 19. e5 Qg6 20. Rd2 Rac8 21.
g4 c5 22. h4 d4 23. Qa3 Bc4 24. h5 Qc6 25. h6 g6 26. Bg5 b5 27. f4 b4 28. Qa5
Qf3 29. e6 Bxe6 30. Rde2 Qxg4 31. Qxa7 d3 32. cxd3 c4 33. d4 Qf5 34. Re5 Qd3 35.
R5e3 Qf5 36. Re5 Qd3 37. Rd1 Qh3 38. d5 c3 39. Qe3 Qg2 40. Qe2 Qxe2 41. Rxe2 Bf5
42. Rde1 Rxe2 43. Rxe2 f6 44. Bxf6 Kf7 45. Bg5 Rc5 46. Re7+ Kf8 47. Rxh7 Rxd5
48. bxc3 bxc3 49. Rc7 c2 50. Rxc2 Bxc2 51. Kxc2 Kg8 52. a4 Rd4 53. Kb3 Kh7 54.
a5 Re4 55. Ka3 Rd4 56. Kb3 1/2-1/2

[Event "World Rapid 2017"]
[Site "Riyadh KSA"]
[Date "2017.12.28"]
[Round "12.42"]
[White "Malakhatko, Vadim"]
[Black "Meier, Georg"]
[Result "1-0"]
[WhiteTitle "GM"]
[BlackTitle "GM"]
[WhiteElo "2542"]
[BlackElo "2650"]
[WhiteFideId "14104202"]
[BlackFideId "4675789"]
[EventDate "2017.12.26"]

1. c4 b6 2. d4 e6 3. a3 Nf6 4. Nc3 Bb7 5. d5 Bd6 6. Nf3 O-O 7. Bg5 Be7 8. Bf4
Nh5 9. Bd2 f5 10. g3 Nf6 11. Bg2 Ne4 12. O-O Bf6 13. Rc1 Na6 14. b4 Qe7 15. e3
Rad8 16. Nd4 c5 17. Ndb5 exd5 18. cxd5 Nxc3 19. Bxc3 d6 20. Nxa7 Bxc3 21. Rxc3
Qf6 22. Qb3 Rf7 23. Nc6 Ra8 24. Rcc1 g6 25. bxc5 bxc5 26. Rb1 Bc8 27. Rfc1 Nc7
28. a4 Ba6 29. Qc3 Ne8 30. Rb6 Be2 31. Qc2 Ba6 32. Rcb1 Kg7 33. a5 g5 34. f4 h6
35. h3 Nc7 36. Kh2 Re8 37. Qd2 h5 38. Rb8 h4 39. gxh4 gxf4 40. Rxe8 Nxe8 41.
exf4 Qxh4 42. Rb6 Nc7 43. Rb8 Kh7 44. Qe3 Rg7 45. Rf8 Bc4 46. Rxf5 Rxg2+ 47.
Kxg2 Bxd5+ 48. Rxd5 Nxd5 49. Qe4+ Kh8 50. Qxd5 Qxf4 51. Qh5+ 1-0

[Event "World Rapid 2017"]
[Site "Riyadh KSA"]
[Date "2017.12.28"]
[Round "12.43"]
[White "Amin, Bassem"]
[Black "Dervishi, Erald"]
[Result "1/2-1/2"]
[WhiteTitle "GM"]
[BlackTitle "GM"]
[WhiteElo "2689"]
[BlackElo "2552"]
[WhiteFideId "10601457"]
[BlackFideId "4700236"]
[EventDate "2017.12.26"]

1. Nf3 Nf6 2. g3 b6 3. Bg2 Bb7 4. O-O e6 5. d3 d5 6. Nbd2 Nbd7 7. e4 dxe4 8.
dxe4 Nxe4 9. Nxe4 Bxe4 10. Bg5 Nf6 11. Qe2 Bb7 12. Ne5 Bxg2 13. Kxg2 Qd5+ 14. f3
Bd6 15. Bxf6 gxf6 16. Ng4 Be7 17. Rad1 Qc6 18. Rd3 h5 19. Rc3 Qb7 20. Qb5+ Kf8
21. Nf2 Rd8 22. Rd1 Rxd1 23. Nxd1 Kg7 24. Nf2 c5 25. Rd3 Rd8 26. Rxd8 Bxd8 27.
Nd3 Qd5 28. Qa6 Qd7 29. a4 f5 30. h4 Bf6 31. b3 e5 32. Nf2 Qd2 33. Qd3 Qxd3 34.
Nxd3 Kf8 35. Nb2 Ke7 36. Nc4 Ke6 37. Na3 a6 38. c4 f4 39. Nb1 fxg3 40. Kxg3 Bd8
41. Nc3 f5 42. Nd5 b5 43. Nc3 bxc4 44. bxc4 Ba5 45. Nd5 Be1+ 46. Kh3 e4 47. f4
a5 48. Nc7+ Kf7 49. Nd5 Bf2 50. Nc3 Ke6 51. Nd5 Bd4 52. Kg3 Kd6 53. Kg2 Bb2 54.
Kg3 Ke6 55. Nc7+ Kf7 56. Nd5 Bc1 57. Kf2 Ke6 58. Nc7+ Kd6 59. Nd5 Bb2 60. Kg3
Bd4 61. Kg2 Ke6 62. Nc7+ Kd6 63. Nd5 Bb2 64. Kg3 Ke6 65. Nc7+ Kf7 66. Nd5 Bc1
67. Kf2 Ke6 68. Nc7+ Kd6 69. Nd5 Bd2 70. Ke2 Bc1 71. Kf2 Bd2 1/2-1/2

[Event "World Rapid 2017"]
[Site "Riyadh KSA"]
[Date "2017.12.28"]
[Round "12.44"]
[White "Salgado Lopez, Ivan"]
[Black "Al-Saffar, Araz Basim Mohammed S"]
[Result "1-0"]
[WhiteTitle "GM"]
[BlackTitle "IM"]
[WhiteElo "2644"]
[BlackElo "2368"]
[WhiteFideId "2257327"]
[BlackFideId "4801040"]
[EventDate "2017.12.26"]

1. Nf3 e6 2. b3 d5 3. Bb2 Nf6 4. e3 Be7 5. c4 O-O 6. Be2 b6 7. O-O Bb7 8. cxd5
Nxd5 9. d4 c5 10. Nc3 cxd4 11. Nxd4 Nxc3 12. Bxc3 Nd7 13. Bf3 Bxf3 14. Qxf3 Bf6
15. Nc6 Qc7 16. Bxf6 Nxf6 17. Rac1 Rac8 18. h3 Nd5 19. Rc4 Ne7 20. Rfc1 Nxc6 21.
Qxc6 Qxc6 22. Rxc6 Rxc6 23. Rxc6 Rb8 24. Kf1 Kf8 25. Rc7 a5 26. Ke2 Ke8 27. f4
Rd8 28. Rb7 Rd6 29. g4 h6 30. h4 g6 31. g5 h5 32. a4 Kf8 33. Kf3 Ke8 34. Ke2 Kf8
35. Kf2 Rc6 36. Kf3 Rd6 37. Ke4 Kg7 38. Rb8 Rc6 39. Kd3 Kh7 40. Kd4 Kg7 41. Rb7
Kf8 42. e4 Kg7 43. Ke5 Rc3 44. Rxb6 Rh3 45. b4 axb4 46. Rxb4 Rxh4 47. a5 Rh1 48.
Ra4 Rd1 49. a6 h4 50. a7 h3 51. a8=Q h2 52. Ra7 h1=Q 53. Qb7 Kh8 54. Qxf7 Rd5+
55. Kf6 Rf5+ 56. exf5 1-0

[Event "World Rapid 2017"]
[Site "Riyadh KSA"]
[Date "2017.12.28"]
[Round "12.45"]
[White "Andriasian, Zaven"]
[Black "Naiditsch, Arkadij"]
[Result "1/2-1/2"]
[WhiteTitle "GM"]
[BlackTitle "GM"]
[WhiteElo "2585"]
[BlackElo "2705"]
[WhiteFideId "13302000"]
[BlackFideId "4650891"]
[EventDate "2017.12.26"]

1. e4 e5 2. Nf3 Nc6 3. Bc4 Nf6 4. d3 Be7 5. O-O d6 6. a4 Bg4 7. Nbd2 Qd7 8. c3
Bh5 9. a5 a6 10. b4 Nd8 11. d4 exd4 12. cxd4 Ne6 13. Qb3 Nf4 14. h3 c6 15. Qe3
Ne6 16. Bd3 Rd8 17. Bb2 Bxf3 18. Qxf3 d5 19. e5 Ng8 20. Bc3 h5 21. Nb3 g5 22.
Bf5 Nh6 23. Qxh5 Kf8 24. f4 Kg7 25. Bxe6 Qxe6 26. fxg5 Nf5 27. Qf3 Nh4 28. Qg3
Qg6 29. Rf4 Bxg5 30. Rg4 Nf5 31. Qf3 Rh4 32. Rxg5 Qxg5 33. Rf1 Qe3+ 34. Qxe3
Nxe3 35. Rf3 Nc2 36. g4 Na3 37. Bd2 Rdh8 38. Kg2 f6 39. Nc5 Nc4 40. Ne6+ Kg8 41.
exf6 Kf7 42. Ng5+ Kg6 43. Bc1 Nd6 44. Bf4 Ne4 45. Nxe4 dxe4 46. Re3 R8h7 47. Be5
Kf7 48. Rg3 Kg6 49. Rc3 Kf7 50. Rb3 Kg6 51. Ra3 Kf7 52. Re3 Kg6 53. Rg3 Kf7 54.
Ra3 Kg6 55. Rb3 Kf7 56. Rc3 Kg6 57. Re3 Kf7 58. Rc3 Kg6 59. Ra3 Kf7 60. Rc3 1/2-1/2

[Event "World Rapid 2017"]
[Site "Riyadh KSA"]
[Date "2017.12.28"]
[Round "12.46"]
[White "Ganguly, Surya Shekhar"]
[Black "Sethuraman, S.P."]
[Result "1-0"]
[WhiteTitle "GM"]
[BlackTitle "GM"]
[WhiteElo "2650"]
[BlackElo "2646"]
[WhiteFideId "5002150"]
[BlackFideId "5021596"]
[EventDate "2017.12.26"]

1. c4 e5 2. Nc3 Nc6 3. Nf3 g6 4. d4 exd4 5. Nxd4 Bg7 6. Nxc6 bxc6 7. g3 Nf6 8.
Bg2 O-O 9. O-O Rb8 10. Qa4 a6 11. Rd1 Qe7 12. Qc2 Bb7 13. b3 Rfe8 14. Bb2 c5 15.
Bxb7 Rxb7 16. e3 d6 17. Nd5 Nxd5 18. Rxd5 Rbb8 19. Bxg7 Kxg7 20. Rad1 Qf6 21.
Qd2 Re7 22. Kg2 h5 23. h4 Rbe8 24. Qa5 Ra8 25. Qa4 Ree8 26. Qc6 Qe7 27. Kg1 Rab8
28. Rg5 Rb6 29. Qf3 Rh8 30. e4 Rbb8 31. e5 dxe5 32. Qe4 Rbd8 33. Rxd8 Rxd8 34.
Qxe5+ Qxe5 35. Rxe5 Rd2 36. Rxc5 Rxa2 37. Rxc7 Rb2 38. Rb7 a5 39. Rb5 Ra2 40.
Re5 a4 41. bxa4 Rxa4 42. Re4 Ra3 43. Kf1 Rc3 44. Ke2 Rc2+ 45. Ke3 Kf6 46. Kd4
Kg7 47. f4 Rd2+ 48. Kc3 Rd1 49. c5 Rc1+ 50. Kb4 Rb1+ 51. Ka5 Rb3 52. c6 Rxg3 53.
Rc4 Ra3+ 54. Kb6 Rb3+ 55. Kc5 Rb8 56. c7 Re8 57. Kd5 Kf6 58. c8=Q Rxc8 59. Rxc8
Kf5 60. Rf8 Kxf4 61. Rxf7+ Kg4 62. Rg7 Kxh4 63. Rxg6 Kh3 64. Ke4 h4 65. Kf3 Kh2
66. Kf2 h3 67. Rh6 1-0

[Event "World Rapid 2017"]
[Site "Riyadh KSA"]
[Date "2017.12.28"]
[Round "12.47"]
[White "Tregubov, Pavel V."]
[Black "Moiseenko, Alexander"]
[Result "0-1"]
[WhiteTitle "GM"]
[BlackTitle "GM"]
[WhiteElo "2575"]
[BlackElo "2667"]
[WhiteFideId "4115341"]
[BlackFideId "14102560"]
[EventDate "2017.12.26"]

1. d4 Nf6 2. c4 e6 3. Nc3 Bb4 4. e3 b6 5. Ne2 Ne4 6. Qc2 Bb7 7. a3 Bxc3+ 8. Nxc3
Nxc3 9. Qxc3 O-O 10. b4 d6 11. Bb2 Qf6 12. Rd1 a5 13. f3 axb4 14. axb4 Nd7 15.
Be2 Qh4+ 16. g3 Qh3 17. Kf2 f5 18. d5 e5 19. Bf1 Qh6 20. Kg2 f4 21. e4 Nf6 22.
Be2 Bc8 23. g4 Bxg4 24. fxg4 Nxe4 25. Qc1 Qh4 26. Rhf1 Rf6 27. Rd3 Rh6 28. h3
Ng3 29. Rh1 Nxe2 30. Qe1 Ng3 31. Ra3 Rxa3 32. Bxa3 Nxh1 0-1

[Event "World Rapid 2017"]
[Site "Riyadh KSA"]
[Date "2017.12.28"]
[Round "12.48"]
[White "Van Foreest, Jorden"]
[Black "Jumabayev, Rinat"]
[Result "0-1"]
[WhiteTitle "GM"]
[BlackTitle "GM"]
[WhiteElo "2629"]
[BlackElo "2612"]
[WhiteFideId "1039784"]
[BlackFideId "13702661"]
[EventDate "2017.12.26"]

1. e4 e5 2. Nf3 Nc6 3. Nc3 Nf6 4. a4 Be7 5. Bb5 d6 6. d4 exd4 7. Nxd4 Bd7 8. O-O
O-O 9. Re1 Re8 10. h3 h6 11. Bf4 Bf8 12. Bxc6 bxc6 13. e5 Nd5 14. Nxd5 dxe5 15.
Bxe5 cxd5 16. Qf3 c6 17. c3 c5 18. Nb5 a6 19. Nd6 Rxe5 20. Qxf7+ Kh8 21. Rxe5
Bxd6 22. Rxd5 Bc6 23. Rd3 Bh2+ 24. Kxh2 Qxd3 25. Qe6 Qd5 26. Qxd5 Bxd5 27. b4
Rb8 28. Rd1 Bc4 29. Rb1 Kh7 30. Kg3 Bd3 31. Rd1 c4 32. Re1 a5 33. bxa5 Rb3 34.
a6 Ra3 35. a7 Rxa4 36. Re7 Ra2 37. f3 Kg6 38. Kf4 Bf1 39. Rb7 Ra3 40. Rb1 Bd3
41. Rb6+ Kh7 42. Rb7 Bf1 43. Kg3 Kg6 44. Kf2 Bd3 45. Ke3 Kf6 46. h4 g6 47. g4
Ke5 48. f4+ Kd5 49. Rd7+ Kc5 50. f5 gxf5 51. g5 hxg5 52. hxg5 f4+ 53. Kxf4 Kb6
54. g6 Rxa7 55. g7 Bh7 56. Rd6+ Kc5 57. Rg6 Bg8 58. Rg5+ Kd6 59. Ke4 Ke6 60. Rb5
Kf6 61. Kd4 Kxg7 62. Rg5+ Kf8 63. Re5 Re7 64. Ra5 Bf7 65. Ra8+ Kg7 66. Ra6 Rd7+
67. Kc5 Rd5+ 68. Kb4 Re5 69. Rd6 Be6 70. Rd1 Kf6 71. Ra1 Re2 72. Ra5 Rb2+ 73.
Kc5 Rb8 74. Ra1 Rc8+ 75. Kd4 Rd8+ 76. Kc5 Rd3 77. Kb4 Ke5 78. Ra8 Rd1 79. Ra2
Re1 80. Kc5 Re3 81. Kb4 Rh3 82. Re2+ Kd6 83. Rd2+ Bd5 84. Ra2 Rh8 85. Ra6+ Ke5
86. Ra1 Rb8+ 87. Kc5 Rc8+ 88. Kb4 Be4 89. Ra7 Bd3 90. Re7+ Kd6 91. Rb7 Ra8 92.
Rb6+ Kd5 93. Rh6 Rb8+ 94. Ka4 Rb3 95. Rh5+ Ke4 96. Rh4+ Ke3 97. Rh3+ Kd2 0-1

[Event "World Rapid 2017"]
[Site "Riyadh KSA"]
[Date "2017.12.28"]
[Round "12.50"]
[White "Inarkiev, Ernesto"]
[Black "Ibrahimov, Rasul"]
[Result "0-1"]
[WhiteTitle "GM"]
[BlackTitle "GM"]
[WhiteElo "2689"]
[BlackElo "2518"]
[WhiteFideId "4162722"]
[BlackFideId "13400495"]
[EventDate "2017.12.26"]

1. e4 c5 2. Nf3 a6 3. b3 d6 4. Bb2 Nc6 5. d4 cxd4 6. Nxd4 Bd7 7. c4 Nf6 8. Nc3
g6 9. Nf3 Bg7 10. Bd3 O-O 11. O-O Bg4 12. h3 Bxf3 13. Qxf3 Ne5 14. Qe3 Nxd3 15.
Qxd3 Qa5 16. Rfe1 Rfe8 17. a4 Rad8 18. Rad1 Rc8 19. Re2 Qb4 20. Na2 Qa5 21. Bc3
Qc7 22. Bd4 Nh5 23. Qe3 Bxd4 24. Rxd4 Qb6 25. g3 Ng7 26. Rd5 Qxe3 27. Rxe3 Ne6
28. a5 Nc5 29. Nc1 f6 30. f4 Red8 31. Ne2 Kf7 32. g4 h6 33. Kg2 g5 34. f5 Nd7
35. Nd4 Rh8 36. Ne6 h5 37. gxh5 Rxh5 38. c5 Nxc5 39. Rc3 Rch8 40. Nxc5 dxc5 41.
Rdxc5 Rh4 42. e5 fxe5 43. Rxe5 g4 44. hxg4 Rxg4+ 45. Kf3 Rh3+ 46. Kxg4 Rxc3 47.
Re6 Rxb3 48. Rh6 Rb5 49. Rh7+ Kf6 50. Rh6+ Kg7 51. Kg5 Rxa5 52. Rg6+ Kf7 53. Rh6
Rb5 54. Rh7+ Ke8 55. Kg6 Rb6+ 56. Kg5 a5 57. Rh8+ Kd7 58. Ra8 Ra6 59. Rb8 Ra7
60. Kg6 a4 61. Kf7 a3 62. Re8 a2 63. Rxe7+ Kd6 64. Re6+ Kd5 0-1

[Event "World Rapid 2017"]
[Site "Riyadh KSA"]
[Date "2017.12.28"]
[Round "12.51"]
[White "Dzhumagaliev, Yan"]
[Black "Khismatullin, Denis"]
[Result "0-1"]
[WhiteTitle "FM"]
[BlackTitle "GM"]
[WhiteElo "2400"]
[BlackElo "2632"]
[WhiteFideId "24100110"]
[BlackFideId "4142578"]
[EventDate "2017.12.26"]

1. Nf3 c5 2. b3 d6 3. e3 e5 4. Bb5+ Bd7 5. Bxd7+ Qxd7 6. O-O f5 7. c4 Nf6 8. Nc3
g6 9. d4 cxd4 10. exd4 e4 11. Re1 Bg7 12. d5 Na6 13. Ba3 O-O 14. Nd4 Nc5 15.
Bxc5 dxc5 16. Ne6 Ng4 17. Nxg7 Kxg7 18. f3 Ne5 19. fxe4 f4 20. Rf1 f3 21. Qe1
fxg2 22. Rxf8 Rxf8 23. Qg3 Qe7 24. d6 Qxd6 25. Rd1 Qf6 26. Kxg2 Nf3 27. Nd5 Qb2+
28. Kh3 Qe2 29. Nc3 Ng5+ 30. Qxg5 Rf3+ 31. Qg3 Rxg3+ 32. hxg3 Qf3 33. Rd7+ Kh6
34. Nd5 Qh1+ 0-1

[Event "World Rapid 2017"]
[Site "Riyadh KSA"]
[Date "2017.12.28"]
[Round "12.52"]
[White "Georgiev, Kiril"]
[Black "Dobrov, Vladimir"]
[Result "1-0"]
[WhiteTitle "GM"]
[BlackTitle "GM"]
[WhiteElo "2623"]
[BlackElo "2515"]
[WhiteFideId "2900017"]
[BlackFideId "4136594"]
[EventDate "2017.12.26"]

1. d4 Nf6 2. c4 e6 3. Nc3 Bb4 4. Nf3 b6 5. Qc2 Bb7 6. a3 Bxc3+ 7. Qxc3 O-O 8.
Bg5 h6 9. Bh4 g5 10. Bg3 Ne4 11. Qc2 d6 12. e3 Nd7 13. Nd2 Nxg3 14. hxg3 Qf6 15.
Bd3 c5 16. Be4 d5 17. Bf3 cxd4 18. exd4 Rac8 19. Rd1 Kg7 20. Qd3 Ba6 21. b3 Rfd8
22. O-O dxc4 23. Qe3 cxb3 24. Rfe1 b2 25. Ne4 Qg6 26. Nd6 Rc7 27. Be4 Qf6 28.
Bb1 Nf8 29. Ne4 Qe7 30. Qb3 Bb7 31. Qxb2 Bxe4 32. Bxe4 Rcd7 33. Rd3 Qf6 34. Red1
Kg8 35. Qb4 Ng6 36. a4 Ne7 37. a5 Rd6 38. axb6 axb6 39. Rf3 Qg7 40. Rfd3 Kf8 41.
Qc4 Nd5 42. Qb5 Nf6 43. Bc6 g4 44. Qxb6 Qg5 45. Qb4 Kg7 46. Ba4 h5 47. Bc2 Nd5
48. Qe1 Ne7 49. Bb3 Qf6 50. Qe4 Qf5 51. Qe3 Qf6 52. Qe4 Qf5 53. Qe3 Nd5 54. Qe5+
Nf6 55. Qe3 Rc8 56. Qe2 Ne4 57. Qe3 Nf6 58. Qe2 Rcd8 59. Bc2 Qg5 60. Bb3 Rc6 61.
Qe5 Qg6 62. d5 Rcd6 63. Rd4 Qf5 64. Qxf5 exf5 65. f3 Kg6 66. Kf2 Kg5 67. R1d2
Rc8 68. Bc4 Rc5 69. Ba2 Ra5 70. Bb3 Rb5 71. R2d3 Nd7 72. Ba4 Rb2+ 73. Rd2 Rxd2+
74. Rxd2 gxf3 75. Bxd7 Rxd7 76. Kxf3 Rd6 77. Rd3 f6 78. Rd4 Kh6 79. Kf4 Kg6 80.
Rd2 Kf7 81. Kxf5 Kg7 82. Ke4 Kf7 83. Kf5 Kg7 84. Rd3 Kf7 85. g4 hxg4 86. Kxg4
Ra6 87. d6 Ra4+ 88. Kf5 Ra5+ 89. Ke4 Ke8 90. d7+ Kd8 91. g4 Ra1 92. Kf5 Rf1+ 93.
Kg6 Rf4 94. Kh5 Rf1 95. Rd4 Rf2 96. Rd5 Rh2+ 97. Kg6 Rg2 98. Rd4 Rf2 99. Kf7 Rf1
100. Ke6 Rf2 101. Ra4 Re2+ 102. Kxf6 Kxd7 103. Ra7+ Ke8 104. Ra8+ Kd7 105. g5 1-0

[Event "World Rapid 2017"]
[Site "Riyadh KSA"]
[Date "2017.12.28"]
[Round "12.53"]
[White "Omar, Noaman"]
[Black "Kovalev, Vladislav"]
[Result "0-1"]
[WhiteTitle "IM"]
[BlackTitle "GM"]
[WhiteElo "2364"]
[BlackElo "2639"]
[WhiteFideId "9300244"]
[BlackFideId "13504398"]
[EventDate "2017.12.26"]

1. d4 Nf6 2. c4 g6 3. Nc3 Bg7 4. e4 O-O 5. Nf3 d6 6. h3 e5 7. d5 Nh5 8. g3 Na6
9. Be2 Nc5 10. Be3 f5 11. exf5 gxf5 12. Nh4 f4 13. Bxc5 fxg3 14. Bxh5 Qxh4 15.
Be3 gxf2+ 16. Kd2 f1=Q 17. Rxf1 Rxf1 18. Qxf1 Qxh5 19. Qf2 Bf5 20. Nb5 Rf8 21.
Nxc7 Qxh3 22. Rg1 Bg6 23. Qg2 Qf5 24. Qe2 Qc2+ 25. Ke1 Qb1+ 26. Qd1 Qe4 27. Qe2
Rf3 28. Bc1 Qh4+ 29. Kd1 Qd4+ 0-1

[Event "World Rapid 2017"]
[Site "Riyadh KSA"]
[Date "2017.12.28"]
[Round "12.54"]
[White "Halkias, Stelios"]
[Black "Sanal, Vahap"]
[Result "1-0"]
[WhiteTitle "GM"]
[BlackTitle "GM"]
[WhiteElo "2571"]
[BlackElo "2551"]
[WhiteFideId "4201809"]
[BlackFideId "6300545"]
[EventDate "2017.12.26"]

1. Nf3 Nf6 2. c4 e6 3. g3 b6 4. Bg2 Bb7 5. O-O Be7 6. Nc3 O-O 7. Re1 d5 8. cxd5
exd5 9. d4 Nbd7 10. Bf4 c6 11. Rc1 Re8 12. a3 a5 13. Ne5 Nxe5 14. Bxe5 Nd7 15.
Bf4 f5 16. Qb3 Bf6 17. Nxd5 cxd5 18. Rc7 a4 19. Qb5 Ra5 20. Qxd7 Qxd7 21. Rxd7
Ba8 22. Be5 Bxe5 23. dxe5 Rb5 24. Rc1 Rxb2 25. Bf3 d4 26. Rcc7 Bxf3 27. exf3 Rb3
28. Rxg7+ Kh8 29. Rxh7+ Kg8 30. Rhg7+ Kh8 31. Rgd7 Rxa3 32. h4 Rc3 33. Ra7 b5
34. h5 Rc6 35. Rxd4 Rb6 36. f4 Reb8 37. Rb4 R8b7 38. Ra5 Kg7 39. f3 Kf7 40. g4
Ke6 41. g5 Kd7 42. h6 Kc6 43. Rb1 Rb8 44. Kf2 Kd7 45. h7 Rh8 46. Raxb5 Rxb5 47.
Rxb5 Kc6 48. g6 Kxb5 49. g7 Rxh7 50. g8=Q 1-0

[Event "World Rapid 2017"]
[Site "Riyadh KSA"]
[Date "2017.12.28"]
[Round "12.55"]
[White "El Adnani, Mokliss"]
[Black "Masrahi, Abdulrahman A"]
[Result "1-0"]
[WhiteTitle "IM"]
[BlackTitle "CM"]
[WhiteElo "2448"]
[BlackElo "1962"]
[WhiteFideId "9000410"]
[BlackFideId "21501564"]
[EventDate "2017.12.26"]

1. d4 d5 2. Nf3 Nf6 3. c4 c6 4. Nc3 a6 5. g3 Bg4 6. Ne5 Bf5 7. Bg2 e6 8. O-O Be7
9. Qb3 b5 10. c5 O-O 11. a4 Nfd7 12. Nf3 Ra7 13. axb5 cxb5 14. Bf4 Nc6 15. Nxd5
exd5 16. Qxd5 Nf6 17. Qxf5 Nxd4 18. Nxd4 Qxd4 19. c6 Qc5 20. Qxc5 Bxc5 21. Rfc1
Bb6 22. c7 Rc8 23. Rc6 1-0

[Event "World Rapid 2017"]
[Site "Riyadh KSA"]
[Date "2017.12.28"]
[Round "12.56"]
[White "Abdyjapar, Asyl"]
[Black "Minko, Vladimir"]
[Result "0-1"]
[WhiteTitle "IM"]
[BlackTitle "IM"]
[WhiteElo "2382"]
[BlackElo "2381"]
[WhiteFideId "13800337"]
[BlackFideId "24146706"]
[EventDate "2017.12.26"]

1. d4 Nf6 2. c4 e6 3. Nf3 Bb4+ 4. Bd2 c5 5. dxc5 Bxc5 6. Nc3 O-O 7. Bg5 Qb6 8.
e3 Qxb2 9. Bxf6 gxf6 10. Ne4 Bb4+ 11. Nfd2 f5 12. Rb1 Bxd2+ 13. Nxd2 Qf6 14. g4
f4 15. Ne4 Qe5 16. Qd4 Qxd4 17. exd4 Nc6 18. Nf6+ Kh8 19. d5 Ne5 20. d6 b6 21.
Rb5 Bb7 22. Rxe5 Bxh1 23. Rh5 Kg7 24. Nxd7 Rfd8 25. Rg5+ Kh6 26. Rh5+ Kg7 27.
Rg5+ Kh6 28. Rh5+ Kg6 29. Bd3+ f5 30. Ne5+ Kf6 31. Bxf5 Kxe5 32. Bxh7+ Kxd6 0-1

[Event "World Rapid 2017"]
[Site "Riyadh KSA"]
[Date "2017.12.28"]
[Round "12.57"]
[White "Tissir, Mohamed"]
[Black "Al-Hajiri, Bader"]
[Result "1-0"]
[WhiteTitle "IM"]
[BlackTitle "FM"]
[WhiteElo "2381"]
[BlackElo "2165"]
[WhiteFideId "9000240"]
[BlackFideId "10300163"]
[EventDate "2017.12.26"]

1. e4 e5 2. Nf3 f5 3. Nxe5 Qf6 4. d4 d6 5. Nd3 fxe4 6. Nf4 Qf7 7. d5 Nf6 8. Nc3
Be7 9. Bc4 Nbd7 10. Ne6 Bd8 11. Bf4 Nh5 12. Qxh5 1-0

[Event "World Rapid 2017"]
[Site "Riyadh KSA"]
[Date "2017.12.28"]
[Round "12.58"]
[White "Khader, Sami"]
[Black "Al Jabri, Mohammed Ali"]
[Result "1/2-1/2"]
[WhiteTitle "IM"]
[WhiteElo "2392"]
[BlackElo "2154"]
[WhiteFideId "8100500"]
[BlackFideId "7604734"]
[EventDate "2017.12.26"]

1. e4 c5 2. Nf3 e6 3. c3 d5 4. exd5 Qxd5 5. d4 Nf6 6. Be3 cxd4 7. cxd4 Nc6 8.
Nc3 Qd6 9. Bd3 Be7 10. a3 O-O 11. Qc2 Re8 12. O-O h6 13. Rad1 b6 14. Nb5 Qd7 15.
Qe2 Bb7 16. Ne5 Qd8 17. Rfe1 Rf8 18. Bb1 Qd5 19. Qf1 Nxe5 20. dxe5 Qxe5 21. Bxh6
Qh5 22. Bf4 Rad8 23. Bg3 Bc5 24. b4 Be7 25. Nc3 Rxd1 26. Rxd1 Rc8 27. Rc1 Qg5
28. Ne2 Qd2 29. Rxc8+ Bxc8 30. Qc1 Qxc1+ 31. Nxc1 Bb7 32. Bb8 a5 33. Nd3 Be4 34.
bxa5 bxa5 35. a4 Bc6 36. Bc2 Nd5 37. Kf1 Kf8 38. Ba7 Ke8 39. Bc5 Bf6 40. g3 Kd7
41. h4 Nc3 42. Bb6 Kd6 43. Bxa5 Nxa4 44. Bb4+ Kd5 45. Bf8 Bb5 46. Kg2 g6 47.
Nf4+ Kd4 48. Ba3 Kc3 49. Bd1 Bc6+ 50. Bf3 Bd7 51. g4 Bxh4 52. Bf8 Bg5 53. Ne2+
Kd3 54. Ng3 Nc3 55. Bg7 f5 56. Bxc3 Kxc3 57. gxf5 gxf5 58. Bh5 Kd3 59. Be2+ Kd2
60. Bf3 e5 61. Bb7 e4 62. Ba8 Kd3 63. Bd5 Kd4 64. Bb7 Be6 65. Bc6 Bf4 66. Ne2+
Ke5 67. Nxf4 Kxf4 68. Bb7 Bc4 69. Bc8 Ke5 70. Bd7 f4 71. Bg4 Bd5 72. Kf1 f3 73.
Bh5 Kf4 74. Ke1 Kg5 75. Be8 Kf4 76. Bh5 Bc6 77. Bf7 e3 78. Bh5 e2 79. Bf7 Kg4
80. Be6+ Kh4 81. Bc4 1/2-1/2